|
|
|
|
| LEADER |
01770nam a22003975i 4500 |
| 001 |
978-1-4614-7575-0 |
| 003 |
DE-He213 |
| 005 |
20150520193038.0 |
| 007 |
cr nn 008mamaa |
| 008 |
130430s2008 xxu| s |||| 0|eng d |
| 020 |
|
|
|a 9781461475750
|9 978-1-4614-7575-0
|
| 024 |
7 |
|
|a 10.1007/978-1-4614-7575-0
|2 doi
|
| 040 |
|
|
|d GrThAP
|
| 050 |
|
4 |
|a QP34-38
|
| 072 |
|
7 |
|a MFG
|2 bicssc
|
| 072 |
|
7 |
|a MED075000
|2 bisacsh
|
| 082 |
0 |
4 |
|a 612
|2 23
|
| 100 |
1 |
|
|a Gunga, Hanns-Christian.
|e author.
|
| 245 |
1 |
0 |
|a Nathan Zuntz
|h [electronic resource] :
|b His life and work in the fields of high altitude physiology and aviation medicine /
|c by Hanns-Christian Gunga.
|
| 264 |
|
1 |
|a New York, NY :
|b Springer New York :
|b Imprint: Springer,
|c 2008.
|
| 300 |
|
|
|a 272 p.
|b online resource.
|
| 336 |
|
|
|a text
|b txt
|2 rdacontent
|
| 337 |
|
|
|a computer
|b c
|2 rdamedia
|
| 338 |
|
|
|a online resource
|b cr
|2 rdacarrier
|
| 347 |
|
|
|a text file
|b PDF
|2 rda
|
| 505 |
0 |
|
|a Biography -- Scientific work -- On the development of aeronautics and aeronautic medical research in Berlin from 1880 to 1918 -- Conclusion.
|
| 520 |
|
|
|a This book focuses on the life and work of Nathan Zuntz (1847-1920), a German physiologist, who made significant contributions to high altitude physiology and aviation medicine. * Focuses on Zuntz's contribution to high altitude physiology and aviation medicine * Discusses high altitude physiology and aviation.
|
| 650 |
|
0 |
|a Medicine.
|
| 650 |
|
0 |
|a Human physiology.
|
| 650 |
1 |
4 |
|a Biomedicine.
|
| 650 |
2 |
4 |
|a Human Physiology.
|
| 710 |
2 |
|
|a SpringerLink (Online service)
|
| 773 |
0 |
|
|t Springer eBooks
|
| 856 |
4 |
0 |
|u http://dx.doi.org/10.1007/978-1-4614-7575-0
|z Full Text via HEAL-Link
|
| 912 |
|
|
|a ZDB-2-SBL
|
| 950 |
|
|
|a Biomedical and Life Sciences (Springer-11642)
|